Mes de María para predicadores o curso completo de sermones, conferencias, instrucciones: para todos los días del mes de mayo, para todas las festividades y sobre todos los asuntos que se refieren a la Santísima Virgen María

保存先:
書誌詳細
主要な著者: Martin, Chaffrey (autor), Troncoso, Juan D (著者)
フォーマット: 図書
言語:スペイン語
出版事項: Madrid Don Gregorio del Amo 1906
版:3a. ed
主題:
タグ: タグ追加
タグなし, このレコードへの初めてのタグを付けませんか!

MARC

LEADER 00000cam a2200000 a 4500
001 UCE5138
003 CL-VaPUC
008 141204e19060000sp |||||||||||||||||spa|d
082 0 4 |a 236.91  |b MAR  |2 21 
100 |a Martin, Chaffrey  |e autor  |9 577621 
700 0 |a Troncoso, Juan D  |e author  |9 577622 
245 1 0 |a Mes de María para predicadores o curso completo de sermones, conferencias, instrucciones: para todos los días del mes de mayo, para todas las festividades y sobre todos los asuntos que se refieren a la Santísima Virgen María 
250 |a 3a. ed 
300 |a 616 p 
942 |c BK 
945 |d 20141204 15:21:00  |a arojas 
260 |a Madrid  |b Don Gregorio del Amo  |c 1906 
600 0 |a Virgen María   |9 314204 
650 0 |a Catolicismo  |9 258690 
650 0 |a Iglesia Católica  |9 256114 
650 7 |a TRADICIONES  |2 CL-VaPUC  |9 367367 
650 0 |a Teología   |9 258766 
583 |a last modification  |c 20141204 15:21:00  |k Rodrigo Vera 
999 |c 357926  |d 357924 
952 |0 0  |1 0  |3 erd  |4 0  |6 236_910000000000000_MAR_1906  |7 0  |8 P  |9 466104  |a BIBTEO  |b BIBTES  |c TEO_FTES  |i 5109329  |o 236.91 MAR 1906  |p 5109329  |r 2024-01-18  |w 2019-11-23  |y BK  |z Catalogado en:20141204  |k ICR